000 00845nas a2200265Ia 4500
001 dg117-53622
003 IT-MiCISF
008 161014c99999999xx |||||||||||| ||und||
040 _aIT-MiCISF
_cIT-MiCISF
041 _aFRANCESE
100 _aFourneraut Sixtine
210 _aLa vie
222 _aLa vie
245 0 _aOù sont passés les bébés?
250 _a1a ed.
260 _c2016
501 _bCISF - Centro Internazionale Studi Famiglia - Via Giotto, 36 20145 MILANO (non commercial uses only)
_cCopyright 2016
300 _app. 16-27
362 _a n. 3674 [2016]
500 _aTema: popolazione, denatalità, società, chiesa, politica-familiare, controllo-nascite
650 _apopolazione
_vdossier
700 _a Lindell H., Grwybowski L., Chabaud C., Anciberro J.
942 _cCR
957 _71
999 _a53622
_bSi
_g1
_c220337
_d220337